| 000 | 01104nam a2200349 i 4500 | ||
|---|---|---|---|
| 001 | 768714001 | ||
| 003 | CO-MdFUSB | ||
| 005 | 20210918063849.0 | ||
| 007 | ta | ||
| 008 | 200620t2019 us |||| |||| 00| 0 eng d | ||
| 020 | _a9781912721115 | ||
| 040 |
_aCO-MdFUSB _bspa _cCO-MdFUSB _dCO-MdFUSBC _erda |
||
| 041 | _aeng | ||
| 082 |
_223 _a300 _bG652 |
||
| 100 |
_aGooding, David, _eautor |
||
| 245 | 1 |
_aQuestioning our knowledge : _bcan we know what we need to know? _c/ David Gooding , John Lennox |
|
| 264 | 1 |
_aEstados Unidos : _bMyrtlefield House, _c[2019] |
|
| 264 | 4 | _c© 2019 | |
| 300 | _c; | ||
| 336 |
_2rdacontent _atexto _btxt |
||
| 337 |
_2rdamedia _asin mediación _bn |
||
| 338 |
_2rdacarrier _avolumen _bnc |
||
| 490 | _aThe quest for reality and significance | ||
| 505 | _aLibro 1 : ¿Cómo sabemos algo? -- ¿Qué es la verdad? -- Postmodernismo. | ||
| 563 | _aRústico | ||
| 650 | 7 |
_aÉtica social. _2 _9186 |
|
| 700 |
_94314 _aLennox, John, _eautor |
||
| 830 |
_aThe quest for reality and significance _v3 |
||
| 942 | _cBK | ||
| 945 | _aJTF-925 | ||
| 999 |
_c66188 _d66188 |
||